The eye of the tiger / (Record no. 2289)

MARC details
000 -LEADER
fixed length control field 00528cam a2200193 4500
001 - CONTROL NUMBER
control field 2857
003 - CONTROL NUMBER IDENTIFIER
control field OCoLC
005 - DATE AND TIME OF LATEST TRANSACTION
control field 20181127165932.0
008 - FIXED-LENGTH DATA ELEMENTS--GENERAL INFORMATION
fixed length control field 050501r19921975enk 000 f eng d
020 ## - INTERNATIONAL STANDARD BOOK NUMBER
International Standard Book Number 9780330247368
043 ## - GEOGRAPHIC AREA CODE
Geographic area code bi-----
100 1# - MAIN ENTRY--PERSONAL NAME
Personal name Smith, Wilbur A.
245 14 - TITLE STATEMENT
Title The eye of the tiger /
Statement of responsibility, etc. Wilbur Smith.
260 ## - PUBLICATION, DISTRIBUTION, ETC.
Place of publication, distribution, etc. London :
Name of publisher, distributor, etc. Pan Macmillan,
Date of publication, distribution, etc. 1999.
300 ## - PHYSICAL DESCRIPTION
Extent 390 p. ;
Dimensions 18 cm.
650 #0 - SUBJECT ADDED ENTRY--TOPICAL TERM
Topical term or geographic name entry element Fishing boats
Geographic subdivision Indian Ocean
Form subdivision Fiction.
651 #0 - SUBJECT ADDED ENTRY--GEOGRAPHIC NAME
Geographic name Indian Ocean
Form subdivision Fiction.
655 #7 - INDEX TERM--GENRE/FORM
Genre/form data or focus term Adventure fiction.
Source of term gsafd.
Holdings
Withdrawn status Lost status Source of classification or shelving scheme Damaged status Not for loan Collection code Home library Current library Shelving location Date acquired Serial Enumeration / chronology Inventory number Full call number Barcode Date last seen Price effective from Koha item type
    Dewey Decimal Classification     Fiction RTC Library RTC Library Fiction 07/04/2022 5126 FIC 813.54 SMI 30001001 03/01/2022 27/11/2018 Fiction
Royal Thimphu College || All Right Reserved